000 00705nam a2200205 a 4500
001 0660
005 20140414132038.0
008 040915s19uu xx 00 eng d
020 _a0-590-48947-X
050 _aTR
_bZo1 1992
100 _aMcDermott, Gerald
245 _aZomo the rabbit :
_cGerald McDermott.
_ba trickster tale from West Africa /
260 _aNew York :
_bScholastic,
_c1992.
300 _a32 p. : ill. ; cm.
520 _aThe fleet-footed Zomo outwits his larger foes with guide and trickery. And like his African cousins Spider and Tortoise, he uses his wits to gain wisdom.
650 _aRabbits
_xFiction.
650 _aFolktale
_xAfrican.
999 _c113774
_d113774